000 00358 a2200157 4500
001 51714
020 _a
040 _cAnchieta - Pituba
100 _aARAUJO, Angelo Bruno Garrido de
240 1 0 _a2ª Geografia, III unidade
_lpor
245 1 0 _a2ª Geografia, III unidade
300 _a9
362 0 _a2010
650 4 _aGeografia e viagens
942 _cBK
999 _c51714
_d51714